00460nam a2200157Ia 450000500170000000800410001704000190005804100120007708200140008924500490010325000780015226000330023030000100026365000180027385000110029120240403132832.0131103s9999 xx 000 0 und d aLoreto College aEnglish a170 bTAY 4aThe Living Story Of Christ And His Churchb  aselections from the living letters, living gospels and living prophecies  aWheatonbTyndale housec1966 a302p  aMoral science aLCBED